Word Ladder: 'Guys and Dolls' Song Quiz Stats

 Plays Quiz Updated Aug 22, 2017

Support Sporcle.
Go Orange.
Score 0/22 Timer 03:00
0 Plays Today
Hint 4-Letter Word % Correct
'I can't ___ you seriously.'♪ TAKE ♫
98.7%
Cinderella's big eventBALL
96%
New ___ CityYORK
95.4%
Shakespeare's 'The Winter's ___'TALE
94.2%
To rain heavilyPOUR
93.8%
'Here's mud in ___ eye!'♪ YOUR ♫
93.1%
Not very spicyMILD
92.2%
Base of dairy productsMILK
91.9%
Opinion surveyPOLL
90.9%
SpeechifyTALK
90.6%
Shape clayMOLD
89.6%
Hint 4-Letter Word % Correct
Venue for Phelps or SpitzPOOL
89.3%
A fabric coffin-coverPALL
88.9%
'___ Richard's Almanack'POOR
87.9%
Small mammal prized for its fur♪ MINK ♫
87.4%
Robin Williams' TV alienMORK
86.5%
Hesitate and refuse to go onBALK
86.3%
Former Red Sox star Kevin, for shortYOUK
85.3%
The dorsal area♪ BACK ♫
85.2%
Bridles, saddles, stirrups, etc.TACK
82.7%
A state of mindMOOD
69.8%
A foolish personMOOK
66.8%

Today's Daily Dose

From the Vault

Broken Planet Fix-Up

by Spacemaniac

Science 90s
The planets have exploded! It's up to you to put them back together.
Remove Ads.
Support Sporcle.
Get the best of Sporcle when you Go Orange. This ad-free experience offers more features, more stats, and more fun while also helping to support Sporcle. Thank you for becoming a member.

Show Comments

Extras

Top Quizzes Today


Score Distribution

Your Account Isn't Verified!

In order to create a playlist on Sporcle, you need to verify the email address you used during registration. Go to your Sporcle Settings to finish the process.

Report this User

Report this user for behavior that violates our Community Guidelines.

Details: